000 00531nam a22001577a 4500
008 130223t xxu||||| |||| 00| 0 eng d
082 _222 ed.
_a348.6761
_bKAM
100 _aEdited by Rwakafuzi, Kiiza Ladislaus
_96913
245 _aKampala LawReports cited as 1992 /
_cEdited by Kiiza Ladislaus Rwakafuzi
260 _aKampala, Uganda
300 _axxxiv, 929 P. ;
_c25 cm.
650 _a Law Reports
_96816
650 _aKampala Law Reports
_96914
650 _aKampala Law Reports cited as 1992
_96917
942 _2ddc
_cLRT
_01
999 _c5263
_d5263